000 02601cam a2200265 4500500
005 20251228075717.0
041 _afre
042 _adc
100 1 0 _aMosca, Francesca
_eauthor
700 1 0 _aGarnier, Anne-Marie
_eauthor
245 0 0 _aLe génogramme, outil de base en pédopsychiatrie
260 _c2005.
500 _a95
520 _aEn psychiatrie de l’enfant, le génogramme est un outil de base, à utiliser tout au long du processus thérapeutique. Liant un dessin qui permet à l’enfant de se situer dans sa filiation, et le récit autour de l’histoire familiale, fait par l’enfant et sa famille, avec les affects qui le soutiennent, il permet un travail approfondi sur l’environnement relationnel de l’enfant et la place des parents. Ce travail peut se faire avec les parents ou l’enfant seul, et crée une enveloppe narrative contenante qui facilite la reprise évolutive de l’enfant et de sa famille.
520 _aThe genogram, a basic tool in child psychiatry. – The genogram is a basic tool in child psychiatry which can be used throughout the therapeutic process. It permits several elements to be linked: a drawing that allows the child to situate himself within his filiation; the narrative of the family history as told by the child and his family; as well as the affects which are sustaining this narrative. Through this linking, the genogram allows a work in depth on the child’s relational environment and on the parent’s place. This work can be carried out with the child alone, and it creates a narrative envelope which facilitates therapeutic evolution of the child and his family.
520 _aEl genograma, una herramienta básica en psiquiatra infantil.En psiquiatra infantil, el genograma es una herramienta básica, que se puede utilizar a lo largo del proceso terapeútico. Vinculando un gráfico que permite al niño situar en su filiación y el relato de la historia familiar, hecho por el niño y su familia, permite un trabajo profundo sobre el entorno familiar situando el lugar de los padres. Esto trabajo puede hacerse con los padres o el niño solo, posibilitando el desarollo de una narración contenedora que ayude la reanudación evolutiva del niño y su familia.
690 _aGénogramme
690 _aNarration
690 _aPédopsychiatrie
690 _aChild psychiatry
690 _aGenogram
690 _aNarration
786 0 _nThérapie Familiale | 26 | 3 | 2005-09-01 | p. 247-258 | 0250-4952
856 4 1 _uhttps://shs.cairn.info/revue-therapie-familiale-2005-3-page-247?lang=fr&redirect-ssocas=7080
999 _c1598141
_d1598141